000 00711nam a22002297a 4500
005 20251108175047.0
008 250721s2011 xx 000 0 ara d
020 _a9789953305738
082 1 4 _aم/ط/031/موس
100 1 _aقبيعة، محمد جمال
_eمترجم
245 1 0 _aالزواحف و البرمائيات /
246 1 1 _aReptiles and Amphibians
264 1 _aبيروت :
_bدار الراتب الجامعية،
_c2011.
300 _a107ص.
650 1 7 _aالموسوعات
650 1 7 _aالزواحف
650 1 7 _aالحيوانات المائية
650 1 7 _aالبرمائيات
653 _aناشئون صغار (10-14) سنة
942 _2ddc
_cBK
999 _c125189
_d125189